000 01542nam a22002177a 4500
001 85853
005 20260429154639.0
008 260429s2023 sp ||||| |||| 00| 0 spa d
040 _aM-RABA
_bspa
_cM-RABA
245 0 5 _aEn el centenario de El Retablo de Maese Pedro
_b: Scherzo
_c/ Festival de Granada; Fundación Archivo Manuel de Falla.
260 _aGranada
_b: Festival de Granada
_b: Fundación Archivo Manuel de Falla
_c, 2023
300 _a16 p.
_c; 30 cm
500 0 0 _aEsta publicación ha sido realizada con motivo de la celebración del centenario de El retablo de Maese Pedro en el marco del 72 Festival de Música y Danza de Granada, en colaboración con el Archivo Manuel de Falla. Se trata de una separata del dosier publicado en marzo de 2023 en el nº393 de la revista Scherzo.
505 _aContiene: Cien años de El Retablo de Maese Pedro / José Ramón Encinar. Un Quijote inagotable para Falla: lecturas y recreaciones del mito literario / Elena Torres Clemente. El retablo, poesía y deshumanización del arte / Jorge de Persia. Títeres en las representaciones de El Retablo de Maese Pedro / Adolfo Ayuso. La recepción de El retablo en las vanguardias europeas del siglo XX / Paolo Pinamonti.
600 1 4 _aFalla, Manuel de (
_d1876-1946).
_tEl retablo de maese Pedro
_965552
600 1 7 _aDon Quijote de la Mancha en la música
_969125
710 2 _aArchivo Manuel de Falla (
_cGranada)
_96159
710 _aFESTIVAL INTERNACIONAL DE MÚSICA Y DANZA DE GRANADA
_994970
852 _jF-16122
942 _cFONDOMODER
_n0
999 _c85853
_d85853